|
|
|
|
| LEADER |
01555cam a2200313 i 4500 |
| 001 |
331491 |
| 003 |
GR-PaULI |
| 005 |
20210117210919.0 |
| 008 |
750411s1974 ne a b 100 0 eng |
| 952 |
|
|
|0 0
|1 0
|2 ddc
|4 0
|6 Π_Σ_307_760000000000000_NAT
|7 0
|9 232849
|a LISP
|b LISP
|c REF
|d 2019-06-10
|i 07745
|l 0
|o Π/Σ 307.76 NAT
|p 025000113619
|r 2019-06-10 00:00:00
|t 1
|v 2019.00
|w 2019-06-10
|y BKN
|
| 999 |
|
|
|c 141366
|d 141366
|
| 010 |
|
|
|a 75308988
|
| 020 |
|
|
|a 9028606033
|c
|
| 040 |
|
|
|a DLC
|c GR-PaULI
|d
|b gre
|e AACR2
|
| 082 |
0 |
0 |
|a 307.76
|2 23
|
| 111 |
|
|
|9 176130
|a NATO Advanced Study Institute of Urban Simulation Analysis and Modeling
|d (1973 :
|c London)
|
| 245 |
1 |
0 |
|a Urban simulation :
|b models for public policy analysis /
|c edited by Marshall H. Whithed, Robert M. Sarley.
|
| 260 |
|
|
|a Leiden :
|b Sijthoff,
|c 1974.
|
| 300 |
|
|
|a xi, 482 σ. :
|b εικ. ;
|c 25 εκ.
|
| 490 |
1 |
|
|a NATO advanced study institutes series. Series D. Behavioural and social sciences
|v 1.
|
| 500 |
|
|
|a Based on papers delivered at a NATO Advanced Study Institute of Urban Simulation Analysis and Modeling, London, 1973.
|
| 504 |
|
|
|a Περιλαμβάνει βιβλιογραφία.
|
| 650 |
|
4 |
|a Πόλεις και κωμοπόλεις
|9 6539
|
| 650 |
|
4 |
|a Προσομοίωση, Μέθοδοι της
|9 63704
|
| 700 |
1 |
|
|a Sarley, Robert M.
|e επιμελητής.
|9 176129
|
| 700 |
1 |
|
|a Whithed, Marshall H.
|e επιμελητής.
|9 176128
|
| 830 |
|
0 |
|a NATO ASI series.
|n Series D.
|p Behavioural and social sciences
|v 1.
|9 164158
|
| 942 |
|
|
|2 ddc
|c BKN
|
| 998 |
|
|
|c ΜΠΟΥΡΑΣ
|d 2019-06
|